Normal view
MARC view
Entry Personal Name
001 - CONTROL NUMBER
- control field: 15297
003 - CONTROL NUMBER IDENTIFIER
- control field: OSt
005 - DATE AND TIME OF LATEST TRANSACTION
- control field: 20211112163306.0
008 - FIXED-LENGTH DATA ELEMENTS
- fixed length control field: 211112|| aca||aabn | a|a d
040 ## - CATALOGING SOURCE
- Original cataloging agency: OSt
- Transcribing agency: OSt
100 ## - HEADING--PERSONAL NAME
- Personal name: Putman S.H
670 ## - SOURCE DATA FOUND
- Source citation: Work cat.: (OSt): Putman S.H, Intergrated urban Models:, 2007
